Los secretos industriales y el Know How /

Guardado en:
Autor Principal: Kors, Jorge Alberto
Formato: Desconocido
Idioma:Spanish
Publicado: Buenos Aires : La Ley; Departamento de publicaciones UBA, 2007.
Edición:1a. ed.
Series:Colección CEIDIE - Centro de Estudios Interdisciplinarios de Derecho Industrial y Económico
Materias:
Etiquetas: Agregar Etiqueta
Sin Etiquetas, Sea el primero en etiquetar este registro!
LEADER 00720nac a22002055a 4500
001 DER.der004781
008 180615s2007####|||||||||||||||||#||spa||
005 20240215104908.0
245 1 0 |a Los secretos industriales y el Know How /  |c Jorge Alberto Kors 
250 |a 1a. ed. 
260 |a Buenos Aires :  |b La Ley; Departamento de publicaciones UBA,  |c 2007. 
300 |a 150 p. 
020 |a 9789870310051 
100 1 |a Kors, Jorge Alberto 
830 0 |a Colección CEIDIE - Centro de Estudios Interdisciplinarios de Derecho Industrial y Económico 
650 7 |a INNOVACION 
650 7 |a INFORMACIÓN SECRETA 
650 7 |a DERECHOS INTELECTUALES 
650 7 |a DERECHO DE LA COMPETENCIA 
859 |a DERECHO  |b BIB. DERECHO  |h 346.2  |i KOR  |p 005447